00901nam a2200205 i 4500001000700000003000900007005001700016007000300033008004100036100004500077245012100122260006600243300004100309490007200350650003000422830008000452852002200532999001900554952012200573114393ES-MaACL20230906190139.0t|070226s1971 sp ||||1| spa d1 aVericad Corominas, Juan Ramón.915038610aEstudio faunístico y biológico de los mamíferos montaraces del Pirineo / cpor Juan Ramón Vericad-Corominas. aJaca : bCentro Pirenaico de Biología Experimental, c1971. a229 p., [28] p. de lám. ; c24 cm.1 aPublicaciones del Centro Pirenaico de Biología Experimental ; v4 4aFauna-zPirineos.91503870 aPublicaciones del Centro Pirenaico de Biología Experimental ; v49233239 aES-MaACLjC-41708 c114393d114393 00104070aATENEOMbATENEOMcDEPO2d2008-01-17eSCl0oC-41708p1119296r2023-02-23 00:00:00w2023-02-23yMONOGRAFIA